000 00850nam a2200289Ia 4500
001 Para_6962
003 CHAP
008 220125s1959 xx 000 0 und d
010 _a205681
040 _cCHAP
090 _aPA FOLLETO 843
100 _aSánchez Durón, Arturo
_9107482
245 _aComo obtener un buen alfalfar /
_c por Arturo Sánchez Durón y Roderic E. Buller
260 _aMéxico :
_b Dirección General de Agricultura
300 _a12 p.
440 _aBoletin; 334
_9171746
650 _aAlfalfa
_x rendimiento
_93887
700 _aBuller, Roderic E.
_916037
710 _aMéxico. Dirección General de Agricultura
_976952
901 _aPA FOLLETO 843
902 _aA
905 _a0000001959 0000000000 00
910 _a1959
942 _cPARA
942 _cPARA
_d1
999 _c205681
_d205681